| 000 -ლიდერი |
| ფიქსირებული სიგრძის საკონტროლო ველი |
01700nam a22002777a 4500 |
| 003 - საკონტროლო ნომრის იდენტიფიკატორი |
| საკონტროლო ველი |
Ge_BSU |
| 005 - ბოლო ოპერაციის თარიღი და დრო |
| საკონტროლო ველი |
20240718143542.0 |
| 008 - ფიქსირებული სიგრძის მონაცემთა ელემენტები - ზოგადი ინფორმაცია |
| ფიქსირებული სიგრძის საკონტროლო ველი |
240116s2012 ge ||||| |||| 00| 0 geo d |
| 020 ## - წიგნის საერთაშორისო სტანდარტული ნომერი |
| International Standard Book Number |
9789941418532 |
| 041 ## - ენის კოდი |
| Language code of text/sound track or separate title |
geo |
| 080 ## - უნივერსალური ათობითი კლასიფიკაციის ინდექსი |
| Universal Decimal Classification number |
7(09) გ-65 |
| 100 ## - მთავარი ჩანაწერი - პიროვნების სახელი |
| Personal name |
გომბრიხი, ე.ჰ. |
| 9 (RLIN) |
21048 |
| 245 ## - ცნობა სათაურის შესახებ |
| Title |
ხელოვნების ამბავი / |
| Statement of responsibility, etc |
ე.ჰ. გომბრიხი ; [მთარგმნ.: ნანა ალექსიძე, ლალი ანდრონიკაშვილი, ლაშა ბერაია [და სხვ.] ; სამეცნ. რედ. დიმიტრი თუმანიშვილი]. |
| 264 ## - წარმოების, გამოცემის, დისტრიბუციის და სხვა ცნობები |
| გამოცემის, წარმოების, დისტრიბუციის... ადგილი |
[თბ.] : |
| გამოცემის, წარმოების, დისტრიბუციის... სახელწოდება |
ლოგოს პრესი, |
| გამოცემის, წარმოების, დისტრიბუციის... თარიღი |
2019. |
| 300 ## - ფიზიკური აღწერა |
| Extent |
688 გვ. : |
| Other physical details |
ილ. ; |
| Dimensions |
24 სმ. |
| 440 ## - სერიის ცნობა / დამატებულია ჩანაწერი - სათაური |
| Title |
მსოფლიო ბესტსელერი წიგნი ხელოვნებაზე |
| 9 (RLIN) |
21049 |
| 500 ## - ზოგადი შენიშვნა |
| General note |
ტერმინთა საძიებელი: გვ. 674-676. |
| 653 ## - INDEX TERM--UNCONTROLLED |
| Uncontrolled term |
ხელოვნების ისტორია |
| 700 ## - ADDED ENTRY--PERSONAL NAME |
| Personal name |
ალექსიძე, ნანა |
| Relator term |
მთარგმნელი |
| 9 (RLIN) |
21050 |
| 700 ## - ADDED ENTRY--PERSONAL NAME |
| Personal name |
ანდრონიკაშვილი, ლალი |
| Relator term |
მთარგმნელი |
| 9 (RLIN) |
21051 |
| 700 ## - ADDED ENTRY--PERSONAL NAME |
| Personal name |
ბერაია, ლაშა |
| Relator term |
მთარგმნელი |
| 9 (RLIN) |
21052 |
| 700 ## - ADDED ENTRY--PERSONAL NAME |
| Personal name |
ბულია, მარინე |
| Relator term |
მთარგმნელი |
| 9 (RLIN) |
21053 |
| 700 ## - ADDED ENTRY--PERSONAL NAME |
| Personal name |
გველესიანი, ლაშა |
| Relator term |
მთარგმნელი |
| 9 (RLIN) |
7510 |
| 700 ## - ADDED ENTRY--PERSONAL NAME |
| Personal name |
თუმანიშვილი, დიმიტრი |
| Relator term |
რედაქტორი |
| 9 (RLIN) |
21054 |
| 942 ## - ADDED ENTRY ELEMENTS (KOHA) |
| Source of classification or shelving scheme |
|
| Koha item type |
წიგნი |